| 000 | 00479nam a22001817a 4500 | ||
|---|---|---|---|
| 003 | LK-CoMWRAF | ||
| 005 | 20230928055751.0 | ||
| 008 | 230928b |||||||| |||| 00| 0 eng d | ||
| 020 | _a9780651398 | ||
| 040 |
_aLK-CoMWRAF _dLK-CoMWRAF _eLK-CoMWRAF |
||
| 041 | _aeng | ||
| 082 |
_a297.122 _bFAT |
||
| 100 | _aFatoohi, Louay | ||
| 245 |
_aJihad in the Qur'an : _bThe truth from source |
||
| 260 |
_aKuala Lumpur : _bA. S. Noordeen _c2002 |
||
| 650 | _aQur'an--Jihad | ||
| 942 | _cBK | ||
| 999 |
_c3713 _d3713 |
||